[Event "Anapa"]
[Site "Anapa"]
[Date "2012.09.10"]
[Round "11"]
[White "Stambulian, Arsen"]
[Black "Romkovich, Viktor"]
[Result "1/2-1/2"]
[WhiteElo "2408"]
[BlackElo "2146"]
[PlyCount "147"]
[EventDate "2012.08.30"]
[EventType "tourn"]
[EventRounds "11"]
[EventCountry "RUS"]
[EventCategory "3"]
[SourceTitle "EXT 2013"]
[Source "ChessBase"]
[SourceDate "2012.11.22"]
[SourceVersion "1"]
[SourceVersionDate "2012.11.22"]
[SourceQuality "1"]

1. Nf3 d5 2. c4 e6 3. g3 c6 4. b3 Nf6 5. Bg2 Bd6 6. Bb2 Nbd7 7. 0-0 0-0 8. d4 b6 9. Nfd2 Bb7 10. e4 dxe4 11. Nc3 Qe7 12. Ncxe4 Ba3 13. Bxa3 Qxa3 14. Qc2 Qe7 15. c5 Nd5 16. Rfe1 N7f6 17. a3 Rfd8 18. Rad1 h6 19. Nd6 Rab8 20. N2c4 Ne8 21. Nxb7 Qxb7 22. b4 b5 23. Na5 Qc7 24. h4 Nef6 25. Bf3 Rd7 26. Re5 Rbd8 27. Rde1 Ne7 28. Nb3 Nf5 29. Rxf5 exf5 30. Qxf5 Nd5 31. h5 Re7 32. Re4 Qd7 33. Qxd7 Rdxd7 34. Na5 Rc7 35. Rh4 Red7 36. Re4 Re7 37. Rh4 Re1+ 38. Kg2 Ne7 39. Re4 Rxe4 40. Bxe4 f5 41. Bf3 Kf7 42. Kf1 Ke8 43. Ke2 Kd7 44. Kd3 Rc8 45. Nb7 Rf8 46. Nd6 a6 47. Bg2 Ke6 48. Bh3 g5 49. hxg6 Nxg6 50. Ne4 a5 51. Nc3 axb4 52. axb4 Ne7 53. Bg2 h5 54. d5+ Nxd5 55. Bxd5+ cxd5 56. Nxb5 f4 57. Nd4+ Kd7 58. b5 fxg3 59. fxg3 Rg8 60. Ne2 Rg4 61. Ke3 Re4+ 62. Kf3 Rc4 63. c6+ Kd6 64. Nf4 Rc3+ 65. Kf2 Rc5 66. Nxh5 Rxb5 67. g4 Kxc6 68. Kf3 Kd6 69. Kf4 Ke6 70. Ng7+ Kf6 71. Nh5+ Kg6 72. Ke5 Kg5 73. Ng7 Kxg4 74. Ne6 1/2-1/2

[Event "Anapa"]
[Site "Anapa"]
[Date "2012.09.03"]
[Round "4"]
[White "Zhurikhin, Alexander"]
[Black "Romkovich, Viktor"]
[Result "0-1"]
[WhiteElo "2246"]
[BlackElo "2146"]
[PlyCount "52"]
[EventDate "2012.08.30"]
[EventType "tourn"]
[EventRounds "11"]
[EventCountry "RUS"]
[EventCategory "3"]
[SourceTitle "EXT 2013"]
[Source "ChessBase"]
[SourceDate "2012.11.22"]
[SourceVersion "1"]
[SourceVersionDate "2012.11.22"]
[SourceQuality "1"]

1. e4 c6 2. d4 g6 3. f4 d5 4. e5 Bg7 5. Nf3 Nh6 6. Be3 0-0 7. c4 dxc4 8. Bxc4 Bg4 9. Nbd2 Nf5 10. Bf2 e6 11. 0-0 Nd7 12. Bb3 Nb6 13. Qe1 Bh6 14. h3 Bxf3 15. Nxf3 Bxf4 16. g4 Ne7 17. Bh4 g5 18. Bxg5 Bxg5 19. Nxg5 Qxd4+ 20. Kh1 Ng6 21. Rf6 Nd5 22. Rd1 Qxb2 23. Rxg6+ fxg6 24. Qh4 h5 25. Nxe6 Rf2 26. Nf4 Rf8 0-1